00338pab a2200133 454500008004000000100001800040245005000058260000900108300000900117362000900126650003700135700001600172773001600188180718b1985 xxu||||| |||| 00| 0 eng d aJeelani, G.M. aSocial forestry vs. individual cropsbA study c1985 a35-7 aFeb. aForests - India - Andhra Pradesh aA.G. Prasad aKurukshetra